[Event "19. Obert Int. Sant Marti 2017"]
[Site "Barcelona ESP"]
[Date "2017.07.19"]
[Round "7.36"]
[White "Romero Echeverria, Abigail"]
[Black "Chernyak, Viktoria"]
[Result "0-1"]
[WhiteElo "2109"]
[BlackElo "2251"]
[PlyCount "94"]
[EventDate "2017.07.13"]
[EventType "swiss"]
[EventRounds "9"]
[EventCountry "ESP"]
[SourceTitle "Ajedrez en Madrid"]
[Source "lmi"]
[SourceDate "2017.07.13"]
[SourceVersion "1"]
[SourceVersionDate "2019.06.21"]
[SourceQuality "1"]

1. e4 c5 2. Nf3 g6 3. c3 d5 4. exd5 Qxd5 5. d4 Bg7 6. Be3 cxd4 7. cxd4 Nf6 8.
Nc3 Qa5 9. Bc4 O-O 10. Qb3 Na6 11. Ne5 e6 12. O-O Nc7 13. Bd2 Qb6 14. Qxb6 axb6
15. Rfd1 Rd8 16. Bg5 h6 17. Bh4 Bd7 18. d5 g5 19. dxe6 Bxe6 20. Bg3 Ncd5 21.
Nxd5 Nxd5 22. h3 f5 23. Re1 f4 24. Bh2 Nc7 25. g3 b5 26. Bxe6+ Nxe6 27. gxf4
gxf4 28. Kg2 Ra4 29. Nf3 Nc5 30. Re2 b6 31. a3 b4 32. Rb1 Rd5 33. Re8+ Kh7 34.
Re7 Rd7 35. Re2 Bf6 36. Kf1 Rd3 37. Ne5 Rxh3 38. Kg2 Rb3 39. Rd1 bxa3 40. bxa3
Rbxa3 41. Rd6 Re4 42. Rxf6 Rxe2 43. Bxf4 Rxf2+ 44. Kg1 Ra1+ 45. Kxf2 Ne4+ 46.
Kf3 Nxf6 47. Nc4 Rf1+ 0-1

[Event "19. Obert Int. Sant Marti 2017"]
[Site "Barcelona ESP"]
[Date "2017.07.19"]
[Round "7.37"]
[White "Capellades Subirana, Marc"]
[Black "Ruperez, Miguel"]
[Result "1-0"]
[WhiteElo "2237"]
[BlackElo "2103"]
[PlyCount "129"]
[EventDate "2017.07.13"]
[EventType "swiss"]
[EventRounds "9"]
[EventCountry "ESP"]
[SourceTitle "Ajedrez en Madrid"]
[Source "lmi"]
[SourceDate "2017.07.13"]
[SourceVersion "1"]
[SourceVersionDate "2019.06.21"]
[SourceQuality "1"]

1. e4 c5 2. Nf3 e6 3. d4 cxd4 4. Nxd4 a6 5. Nc3 b5 6. a3 Bb7 7. Bd3 Qc7 8. O-O
Nf6 9. Qe2 d6 10. f4 Nbd7 11. Kh1 Be7 12. Bd2 h5 13. Nd1 Nc5 14. Nf2 h4 15. Kg1
Nfd7 16. Rac1 Bf6 17. Be3 Rc8 18. Rcd1 Nxd3 19. cxd3 Qa5 20. Ng4 h3 21. g3 Be7
22. Rc1 Rxc1 23. Rxc1 O-O 24. Nf2 Bf6 25. Bd2 Qb6 26. Nb3 Rc8 27. Rxc8+ Bxc8
28. Be3 Qc7 29. Nxh3 Nb6 30. Nf2 Na4 31. Nd1 Bb7 32. Qd2 d5 33. e5 d4 34. Nxd4
Be7 35. b4 Qd7 36. Nf2 Qd5 37. Ne4 f5 38. exf6 gxf6 39. Kf1 f5 40. Ng5 Bxg5 41.
fxg5 e5 42. Ne2 Qf3+ 43. Ke1 f4 44. gxf4 exf4 45. Bg1 Qg2 46. Qxf4 Bf3 47. Qb8+
Kf7 48. Qa7+ Kf8 49. Qb8+ Kf7 50. Qc7+ Ke8 51. Qc8+ Ke7 52. Qc7+ Ke8 53. Qe5+
Kd7 54. Qd4+ Ke8 55. Nf4 Qxg5 56. Qe3+ Kd7 57. Qe6+ Kc7 58. Bf2 Bc6 59. Bg3 Kb7
60. Qf7+ Ka8 61. Qc7 Bh1 62. Qc8+ Ka7 63. Bf2+ Nb6 64. Qc7+ Ka8 65. Bxb6 1-0

[Event "19. Obert Int. Sant Marti 2017"]
[Site "Barcelona ESP"]
[Date "2017.07.19"]
[Round "7.38"]
[White "Vergara Jofre, Felipe"]
[Black "Kyrkjebo, Erlend"]
[Result "0-1"]
[WhiteElo "2234"]
[BlackElo "2085"]
[PlyCount "48"]
[EventDate "2017.07.13"]
[EventType "swiss"]
[EventRounds "9"]
[EventCountry "ESP"]
[SourceTitle "Ajedrez en Madrid"]
[Source "lmi"]
[SourceDate "2017.07.13"]
[SourceVersion "1"]
[SourceVersionDate "2019.06.21"]
[SourceQuality "1"]

1. e4 c5 2. Nf3 d6 3. d4 cxd4 4. Nxd4 Nf6 5. Nc3 g6 6. f4 Bg7 7. e5 Nfd7 8. e6
Nb6 9. exf7+ Kxf7 10. f5 Rf8 11. fxg6+ hxg6 12. Be3 Kg8 13. Qd2 d5 14. O-O-O e5
15. Nf3 d4 16. Bg5 Qd7 17. Ne4 Qd5 18. Nc3 Qa5 19. Nb1 Qxa2 20. h4 Bf5 21. h5
Rc8 22. h6 Na4 23. Re1 Bxc2 24. Qxc2 Qxb2+ 0-1

[Event "19. Obert Int. Sant Marti 2017"]
[Site "Barcelona ESP"]
[Date "2017.07.19"]
[Round "7.39"]
[White "Mendonca, Leon Luke"]
[Black "Ventura Bolet, Alexandre"]
[Result "1-0"]
[WhiteElo "2222"]
[BlackElo "2080"]
[PlyCount "69"]
[EventDate "2017.07.13"]
[EventType "swiss"]
[EventRounds "9"]
[EventCountry "ESP"]
[SourceTitle "Ajedrez en Madrid"]
[Source "lmi"]
[SourceDate "2017.07.13"]
[SourceVersion "1"]
[SourceVersionDate "2019.06.21"]
[SourceQuality "1"]

1. d4 Nf6 2. c4 d6 3. Nc3 Nbd7 4. e4 e5 5. d5 Nc5 6. f3 a5 7. Be3 Be7 8. Qd2
O-O 9. O-O-O Nh5 10. g4 Nf4 11. Nge2 Nfd3+ 12. Kb1 g6 13. Nc1 Nf4 14. N3e2 Nxe2
15. Bxe2 f5 16. gxf5 gxf5 17. Bxc5 dxc5 18. Rhg1+ Kh8 19. Qh6 Rf7 20. Nd3 Qd6
21. Qh5 Rf6 22. f4 Qd8 23. fxe5 Rf8 24. e6 Bxe6 25. dxe6 Qd4 26. exf5 Rg8 27.
Rg4 Rxg4 28. Qxg4 Qf6 29. Qe4 Bd6 30. Nf4 Rf8 31. Bd3 c6 32. Bc2 Be7 33. Rd7
Rg8 34. a3 Bf8 35. Rf7 1-0

[Event "19. Obert Int. Sant Marti 2017"]
[Site "Barcelona ESP"]
[Date "2017.07.19"]
[Round "7.40"]
[White "Molano Lafuente, Ismael"]
[Black "Dalo, Hermes"]
[Result "1/2-1/2"]
[WhiteElo "2004"]
[BlackElo "2202"]
[PlyCount "75"]
[EventDate "2017.07.13"]
[EventType "swiss"]
[EventRounds "9"]
[EventCountry "ESP"]
[SourceTitle "Ajedrez en Madrid"]
[Source "lmi"]
[SourceDate "2017.07.13"]
[SourceVersion "1"]
[SourceVersionDate "2019.06.21"]
[SourceQuality "1"]

1. e4 e5 2. Nf3 Nc6 3. Nc3 Nf6 4. a3 d5 5. Bb5 d4 6. Ne2 Bd6 7. d3 h6 8. O-O
O-O 9. Bxc6 bxc6 10. Ng3 c5 11. b3 Re8 12. h3 Bf8 13. Nh2 a5 14. a4 Ra6 15. f4
exf4 16. Bxf4 Bd6 17. Qf3 Bxf4 18. Qxf4 Qd6 19. Nf5 Qxf4 20. Rxf4 Nd7 21. Nf1
Ne5 22. Nd2 Rf6 23. Rf2 Kh7 24. Raf1 g6 25. Ng3 Rxf2 26. Rxf2 Be6 27. Ne2 Kg7
28. Nf4 Rd8 29. Nxe6+ fxe6 30. Kf1 g5 31. g3 Rf8 32. Rxf8 Kxf8 33. Kg2 Ke7 34.
Nc4 Nxc4 35. bxc4 Kf6 36. g4 Ke5 37. Kf3 c6 38. Kg3 1/2-1/2

[Event "19. Obert Int. Sant Marti 2017"]
[Site "Barcelona ESP"]
[Date "2017.07.19"]
[Round "7.41"]
[White "Salagran Ferragut, Guillem"]
[Black "Gonzalez Saguillo, Oriol"]
[Result "0-1"]
[WhiteElo "2201"]
[BlackElo "2077"]
[PlyCount "100"]
[EventDate "2017.07.13"]
[EventType "swiss"]
[EventRounds "9"]
[EventCountry "ESP"]
[SourceTitle "Ajedrez en Madrid"]
[Source "lmi"]
[SourceDate "2017.07.13"]
[SourceVersion "1"]
[SourceVersionDate "2019.06.21"]
[SourceQuality "1"]

1. e4 e5 2. Nf3 Nc6 3. Bb5 Nf6 4. d3 d6 5. c3 Bd7 6. Ba4 g6 7. O-O Bg7 8. Re1
O-O 9. h3 Nh5 10. d4 Qe8 11. Be3 Nxd4 12. cxd4 Bxa4 13. b3 Bd7 14. dxe5 Bxe5
15. Nxe5 Qxe5 16. Bd4 Qg5 17. Re3 f5 18. Nd2 Nf4 19. Qf1 Rae8 20. Nf3 Qh5 21.
exf5 Rxe3 22. fxe3 Nxh3+ 23. gxh3 Rxf5 24. Qc4+ Kf8 25. Qxc7 Qxf3 26. Qd8+ Be8
27. Qxd6+ Kf7 28. Qc7+ Ke6 29. Qc4+ Kd7 30. Qf1 Rg5+ 31. Kh2 Qg3+ 32. Kh1 Rh5
33. Qg2 Rxh3+ 34. Kg1 Ke6 35. Qxg3 Rxg3+ 36. Kf2 Rg4 37. Bxa7 Bc6 38. Bb8 Rg2+
39. Kf1 Rb2 40. Bg3 h5 41. Bf2 Kf5 42. Kg1 Kg4 43. Rc1 Kf3 44. Bh4 Rg2+ 45. Kh1
Rg4 46. Bd8 Kf2+ 47. Kh2 Rg2+ 48. Kh3 Bd7+ 49. Kh4 Rg4+ 50. Kh3 Rg1+ 0-1

[Event "19. Obert Int. Sant Marti 2017"]
[Site "Barcelona ESP"]
[Date "2017.07.19"]
[Round "7.42"]
[White "Perales Galindo, Eduard"]
[Black "Minko, Dmitry"]
[Result "1/2-1/2"]
[WhiteElo "2185"]
[BlackElo "1987"]
[PlyCount "136"]
[EventDate "2017.07.13"]
[EventType "swiss"]
[EventRounds "9"]
[EventCountry "ESP"]
[SourceTitle "Ajedrez en Madrid"]
[Source "lmi"]
[SourceDate "2017.07.13"]
[SourceVersion "1"]
[SourceVersionDate "2019.06.21"]
[SourceQuality "1"]

1. d4 d5 2. Nf3 Nf6 3. c4 e6 4. Nc3 Be7 5. e3 O-O 6. Bd3 dxc4 7. Bxc4 a6 8. a4
c5 9. O-O Nbd7 10. Qe2 b6 11. Rd1 cxd4 12. exd4 Qc7 13. Bxe6 fxe6 14. Qxe6+ Rf7
15. Ng5 Ne5 16. Qxe5 Bd6 17. Nxf7 Bxe5 18. Nxe5 Bg4 19. f3 Be6 20. Bg5 h6 21.
Bxf6 gxf6 22. Ng4 Kg7 23. Nf2 Bb3 24. Rd2 Rd8 25. Re1 Kf7 26. Re4 Qc6 27. g3 b5
28. axb5 axb5 29. Rf4 Kg6 30. Kg2 Bd5 31. Nfe4 Bxe4 32. fxe4 b4 33. Nd5 Rxd5
34. exd5 Qxd5+ 35. Kg1 b3 36. Rdf2 f5 37. h3 Qc4 38. Kh2 h5 39. h4 Qd3 40. Kg2
Qd1 41. Rxf5 Qxd4 42. Rg5+ Kh6 43. Re2 Qc4 44. Rd2 Qe4+ 45. Kh2 Qe6 46. Rg2 Qe1
47. Rb5 Qe3 48. Rb4 Qe6 49. Rf2 Qe3 50. Rbf4 Qe1 51. Rf6+ Kg7 52. Rf7+ Kg8 53.
R7f4 Kg7 54. g4 hxg4 55. Rxg4+ Kh6 56. Rfg2 Qe5+ 57. Kh3 Qe3+ 58. R4g3 Qe6+ 59.
Kh2 Qe5 60. Rf2 Kh5 61. Rf5+ Qxf5 62. Rg5+ Qxg5 63. hxg5 Kxg5 64. Kg3 Kf5 65.
Kf3 Ke5 66. Ke3 Kd5 67. Kd3 Kc5 68. Kc3 Kc6 1/2-1/2

[Event "19. Obert Int. Sant Marti 2017"]
[Site "Barcelona ESP"]
[Date "2017.07.19"]
[Round "7.43"]
[White "Deaconu, Mihai-Ionut"]
[Black "Carrasco Rodriguez, Jesus"]
[Result "0-1"]
[WhiteElo "1965"]
[BlackElo "2181"]
[PlyCount "52"]
[EventDate "2017.07.13"]
[EventType "swiss"]
[EventRounds "9"]
[EventCountry "ESP"]
[SourceTitle "Ajedrez en Madrid"]
[Source "lmi"]
[SourceDate "2017.07.13"]
[SourceVersion "1"]
[SourceVersionDate "2019.06.21"]
[SourceQuality "1"]

1. d4 Nf6 2. Nf3 e6 3. c4 c5 4. d5 exd5 5. cxd5 d6 6. Nc3 g6 7. e4 a6 8. a4 Bg7
9. Bd3 Bg4 10. O-O O-O 11. h3 Bxf3 12. Qxf3 Nbd7 13. Qg3 Re8 14. Rb1 Rc8 15.
Bg5 h6 16. Bxf6 Bxf6 17. f4 c4 18. Bc2 Nc5 19. Rfe1 Bh4 20. Qe3 Bxe1 21. Qxe1
b5 22. axb5 axb5 23. Kh1 b4 24. f5 bxc3 25. fxg6 fxg6 26. bxc3 Qf6 0-1

[Event "19. Obert Int. Sant Marti 2017"]
[Site "Barcelona ESP"]
[Date "2017.07.19"]
[Round "7.44"]
[White "Abhilash, Reddy M.L."]
[Black "Sumit, Kumar"]
[Result "1/2-1/2"]
[WhiteElo "2133"]
[BlackElo "1975"]
[PlyCount "62"]
[EventDate "2017.07.13"]
[EventType "swiss"]
[EventRounds "9"]
[EventCountry "ESP"]
[SourceTitle "Ajedrez en Madrid"]
[Source "lmi"]
[SourceDate "2017.07.13"]
[SourceVersion "1"]
[SourceVersionDate "2019.06.21"]
[SourceQuality "1"]

1. d4 d5 2. Nf3 Nf6 3. c4 c6 4. e3 Bf5 5. Nc3 e6 6. Nh4 Bg6 7. Qb3 Qb6 8. Nxg6
hxg6 9. Bd2 Nbd7 10. Be2 Be7 11. h3 O-O 12. O-O Rac8 13. Rfd1 dxc4 14. Bxc4
Qxb3 15. Bxb3 c5 16. d5 exd5 17. Nxd5 Nxd5 18. Bxd5 b6 19. Bc3 Nf6 20. Bf3 Rfd8
21. Kf1 Ne8 22. e4 Nc7 23. Bg4 Rxd1+ 24. Rxd1 Rd8 25. Rd7 Rxd7 26. Bxd7 Bf6 27.
e5 Bd8 28. Bc6 Ne6 29. Ke2 Nd4+ 30. Bxd4 cxd4 31. Kd3 Be7 1/2-1/2

[Event "19. Obert Int. Sant Marti 2017"]
[Site "Barcelona ESP"]
[Date "2017.07.19"]
[Round "7.45"]
[White "Asensio Linan, Teodoro"]
[Black "Rakshitta, Ravi"]
[Result "1-0"]
[WhiteElo "2126"]
[BlackElo "1974"]
[PlyCount "63"]
[EventDate "2017.07.13"]
[EventType "swiss"]
[EventRounds "9"]
[EventCountry "ESP"]
[SourceTitle "Ajedrez en Madrid"]
[Source "lmi"]
[SourceDate "2017.07.13"]
[SourceVersion "1"]
[SourceVersionDate "2019.06.21"]
[SourceQuality "1"]

1. d4 Nf6 2. Bg5 d5 3. e3 g6 4. Bxf6 exf6 5. Ne2 Bd6 6. Nd2 c6 7. g3 Nd7 8. Bg2
f5 9. c4 dxc4 10. Nxc4 Bc7 11. d5 cxd5 12. Qxd5 O-O 13. Rd1 Qe7 14. O-O Nf6 15.
Qd4 Rd8 16. Qh4 Rb8 17. Nd4 Bd7 18. Rfe1 h6 19. e4 g5 20. Qxh6 Ng4 21. Qh5 f4
22. Nf5 Bxf5 23. exf5 Rxd1 24. Rxd1 Nxf2 25. Kxf2 Qc5+ 26. Kf3 Qc6+ 27. Kf2
fxg3+ 28. Kg1 gxh2+ 29. Kh1 Qxc4 30. Bd5 Qa6 31. Qxf7+ Kh8 32. f6 1-0

[Event "19. Obert Int. Sant Marti 2017"]
[Site "Barcelona ESP"]
[Date "2017.07.19"]
[Round "7.46"]
[White "Dougas Chavarria, Nestor"]
[Black "Franco Valencia, Angela"]
[Result "0-1"]
[WhiteElo "1871"]
[BlackElo "2214"]
[PlyCount "50"]
[EventDate "2017.07.13"]
[EventType "swiss"]
[EventRounds "9"]
[EventCountry "ESP"]
[SourceTitle "Ajedrez en Madrid"]
[Source "lmi"]
[SourceDate "2017.07.13"]
[SourceVersion "1"]
[SourceVersionDate "2019.06.21"]
[SourceQuality "1"]

1. g3 e5 2. Bg2 d5 3. d3 Nc6 4. Nd2 Nf6 5. e4 Bc5 6. Ngf3 dxe4 7. dxe4 Bg4 8.
h3 Bd7 9. O-O Qe7 10. c3 a5 11. Qc2 h6 12. Nc4 O-O 13. a4 Be6 14. Nfxe5 Nxe5
15. Nxe5 Bxh3 16. Bxh3 Qxe5 17. Bf4 Qh5 18. e5 Qxh3 19. exf6 g5 20. Be5 Rfe8
21. Bd4 Bd6 22. c4 Qg4 23. Rad1 Rad8 24. Rfe1 Rxe1+ 25. Rxe1 Qxd4 0-1

[Event "19. Obert Int. Sant Marti 2017"]
[Site "Barcelona ESP"]
[Date "2017.07.19"]
[Round "7.47"]
[White "Garcia Espelta, Josep"]
[Black "Serarols Mabras, Bernat"]
[Result "1-0"]
[WhiteElo "2052"]
[BlackElo "2308"]
[PlyCount "59"]
[EventDate "2017.07.13"]
[EventType "swiss"]
[EventRounds "9"]
[EventCountry "ESP"]
[SourceTitle "Ajedrez en Madrid"]
[Source "lmi"]
[SourceDate "2017.07.13"]
[SourceVersion "1"]
[SourceVersionDate "2019.06.21"]
[SourceQuality "1"]

1. e4 c5 2. Nc3 Nc6 3. a3 g6 4. Bc4 Bg7 5. d3 e6 6. Ba2 Nge7 7. h4 d5 8. h5 d4
9. Nce2 e5 10. f4 Bg4 11. Nf3 Qd6 12. Ng5 Nd8 13. h6 Bf6 14. O-O O-O 15. Qe1
Ne6 16. Nxe6 fxe6 17. b4 cxb4 18. axb4 b5 19. Bb3 a6 20. Bd2 Bxe2 21. Qxe2 Kh8
22. fxe5 Bxe5 23. Qg4 Nc6 24. Qxe6 Qxe6 25. Bxe6 Rxf1+ 26. Kxf1 Rf8+ 27. Kg1
Nb8 28. Bd5 Bf4 29. Bxf4 Rxf4 30. Rf1 1-0

[Event "19. Obert Int. Sant Marti 2017"]
[Site "Barcelona ESP"]
[Date "2017.07.19"]
[Round "7.48"]
[White "Amer, Said Salim Al Maash"]
[Black "Ventura Bolet, Maxim"]
[Result "1-0"]
[WhiteElo "2025"]
[BlackElo "2262"]
[PlyCount "65"]
[EventDate "2017.07.13"]
[EventType "swiss"]
[EventRounds "9"]
[EventCountry "ESP"]
[SourceTitle "Ajedrez en Madrid"]
[Source "lmi"]
[SourceDate "2017.07.13"]
[SourceVersion "1"]
[SourceVersionDate "2019.06.21"]
[SourceQuality "1"]

1. e4 c5 2. Nf3 a6 3. g3 b5 4. Bg2 Bb7 5. Qe2 e6 6. O-O d6 7. d4 cxd4 8. Nxd4
Nd7 9. a4 b4 10. c3 bxc3 11. Nxc3 Be7 12. Rd1 Qb8 13. Nd5 exd5 14. exd5 Kf8 15.
Nc6 Qc7 16. Be3 a5 17. Rac1 Nc5 18. Rxc5 dxc5 19. Nxe7 Nf6 20. d6 Qd7 21. Bxb7
Qxb7 22. Bxc5 Qd7 23. Nc6 Kg8 24. Ne5 Qe6 25. Qf3 Rd8 26. Nc6 Rd7 27. Ne7+ Kf8
28. Qa8+ Ne8 29. Nd5 Qe2 30. Rd4 Qf3 31. Qc8 Qf5 32. Nc7 g6 33. Nxe8 1-0

[Event "19. Obert Int. Sant Marti 2017"]
[Site "Barcelona ESP"]
[Date "2017.07.19"]
[Round "7.49"]
[White "Sanchez Jerez, Emilio Miguel"]
[Black "Chakravarthy, Y V K."]
[Result "0-1"]
[WhiteElo "2216"]
[BlackElo "2006"]
[PlyCount "60"]
[EventDate "2017.07.13"]
[EventType "swiss"]
[EventRounds "9"]
[EventCountry "ESP"]
[SourceTitle "Ajedrez en Madrid"]
[Source "lmi"]
[SourceDate "2017.07.13"]
[SourceVersion "1"]
[SourceVersionDate "2019.06.21"]
[SourceQuality "1"]

1. b3 d5 2. Bb2 c6 3. e3 Bf5 4. g4 Bc8 5. Nf3 h6 6. Rg1 Nf6 7. Ne5 g6 8. h4 Bg7
9. g5 hxg5 10. hxg5 Nh5 11. Qc1 Qc7 12. f4 Bf5 13. d3 Nd7 14. Nxd7 Bxd7 15. Nd2
e5 16. Nf3 exf4 17. Bxg7 Nxg7 18. exf4 O-O-O 19. d4 Ne6 20. f5 gxf5 21. c3 Nf4
22. Ne5 Ng6 23. Nxf7 Rde8+ 24. Kd1 Rh2 25. Rb1 Re7 26. Nh6 Nh4 27. Bd3 Nf3 28.
Nxf5 Bxf5 29. Bxf5+ Kb8 30. Rf1 Qg3 0-1

[Event "19. Obert Int. Sant Marti 2017"]
[Site "Barcelona ESP"]
[Date "2017.07.19"]
[Round "7.50"]
[White "Minguell Soler, Joan"]
[Black "Dardha, Daniel"]
[Result "0-1"]
[WhiteElo "2021"]
[BlackElo "2212"]
[PlyCount "90"]
[EventDate "2017.07.13"]
[EventType "swiss"]
[EventRounds "9"]
[EventCountry "ESP"]
[SourceTitle "Ajedrez en Madrid"]
[Source "lmi"]
[SourceDate "2017.07.13"]
[SourceVersion "1"]
[SourceVersionDate "2019.06.21"]
[SourceQuality "1"]

1. d4 c5 2. e3 d5 3. Nf3 Nf6 4. Bd3 Bg4 5. O-O Nc6 6. c3 e6 7. Nbd2 Bd6 8. a3
e5 9. dxe5 Nxe5 10. Bb5+ Bd7 11. Be2 O-O 12. Nxe5 Bxe5 13. Nf3 Bc7 14. Qc2 b5
15. Rd1 Qe7 16. Bd2 Bc6 17. b4 c4 18. Nd4 Bd7 19. Bf3 Ne4 20. g3 a6 21. Bg2
Rfe8 22. Ra2 h5 23. h4 a5 24. Be1 Ra6 25. Ne2 Rd6 26. Nf4 Qe5 27. Bxe4 dxe4 28.
Rxd6 Bxd6 29. Qd1 Bg4 30. Qd4 Qe7 31. Rd2 Bxf4 32. exf4 axb4 33. cxb4 e3 34.
fxe3 Qxe3+ 35. Qxe3 Rxe3 36. Rd8+ Kh7 37. Kf2 Rf3+ 38. Kg2 Rxa3 39. Rd2 Bf5 40.
Kf2 Bd3 41. Ke3 Rb3 42. Kd4 Rb1 43. Bf2 Rxb4 44. Kc5 Rb1 45. Bd4 b4 0-1

[Event "19. Obert Int. Sant Marti 2017"]
[Site "Barcelona ESP"]
[Date "2017.07.19"]
[Round "7.51"]
[White "Tejaswini, Sagar"]
[Black "Monedero Gonzalez, Josep"]
[Result "1-0"]
[WhiteElo "2160"]
[BlackElo "1957"]
[PlyCount "59"]
[EventDate "2017.07.13"]
[EventType "swiss"]
[EventRounds "9"]
[EventCountry "ESP"]
[SourceTitle "Ajedrez en Madrid"]
[Source "lmi"]
[SourceDate "2017.07.13"]
[SourceVersion "1"]
[SourceVersionDate "2019.06.21"]
[SourceQuality "1"]

1. e4 e6 2. d4 d5 3. Nd2 Nf6 4. e5 Nfd7 5. Bd3 c5 6. c3 Nc6 7. Ne2 cxd4 8. cxd4
f6 9. exf6 Nxf6 10. Nf3 Bd6 11. O-O Qc7 12. g3 O-O 13. Bf4 Nh5 14. Bxd6 Qxd6
15. Nc3 g6 16. Re1 Bd7 17. Rc1 Rf6 18. Bf1 Raf8 19. Bg2 Ng7 20. a3 Na5 21. Rc2
Qb6 22. Ne5 Be8 23. Ng4 Rf5 24. Nh6+ Kh8 25. Nxf5 Nxf5 26. Qe2 Nxd4 27. Qe5+
Kg8 28. Nxd5 Nac6 29. Rxc6 Nxc6 30. Qxe6+ 1-0

[Event "19. Obert Int. Sant Marti 2017"]
[Site "Barcelona ESP"]
[Date "2017.07.19"]
[Round "7.52"]
[White "Gil Quilez, Sonia"]
[Black "Montell Zabay, Alberto"]
[Result "1-0"]
[WhiteElo "2158"]
[BlackElo "1956"]
[PlyCount "65"]
[EventDate "2017.07.13"]
[EventType "swiss"]
[EventRounds "9"]
[EventCountry "ESP"]
[SourceTitle "Ajedrez en Madrid"]
[Source "lmi"]
[SourceDate "2017.07.13"]
[SourceVersion "1"]
[SourceVersionDate "2019.06.21"]
[SourceQuality "1"]

1. d4 Nf6 2. Bg5 g6 3. Bxf6 exf6 4. g3 f5 5. e3 Bg7 6. Bg2 O-O 7. c4 c5 8. Ne2
Qb6 9. Nbc3 Nc6 10. O-O cxd4 11. exd4 Nxd4 12. Nxd4 Qxd4 13. Qb3 d6 14. Rfd1
Qf6 15. Qa3 Be6 16. Bxb7 Rab8 17. Bg2 Rfd8 18. Rab1 Bxc4 19. Qxa7 f4 20. Ne4
Qf5 21. Nxd6 Qh5 22. b3 Be6 23. Re1 fxg3 24. hxg3 Be5 25. Ne4 Kg7 26. Qe3 Bf5
27. Rbc1 Rb4 28. Ng5 Bf6 29. Nxf7 Rd3 30. Qe8 Rb7 31. Bxb7 Rxg3+ 32. fxg3 Bd4+
33. Re3 1-0

[Event "19. Obert Int. Sant Marti 2017"]
[Site "Barcelona ESP"]
[Date "2017.07.19"]
[Round "7.53"]
[White "Manush, Shah"]
[Black "Perez Pastora, Evarist"]
[Result "1/2-1/2"]
[WhiteElo "2016"]
[BlackElo "2142"]
[PlyCount "64"]
[EventDate "2017.07.13"]
[EventType "swiss"]
[EventRounds "9"]
[EventCountry "ESP"]
[SourceTitle "Ajedrez en Madrid"]
[Source "lmi"]
[SourceDate "2017.07.13"]
[SourceVersion "1"]
[SourceVersionDate "2019.06.21"]
[SourceQuality "1"]

1. d4 Nf6 2. Nf3 g6 3. Nc3 Bg7 4. e4 d6 5. Be2 O-O 6. O-O c6 7. a4 Qc7 8. h3 e5
9. Be3 Re8 10. dxe5 dxe5 11. Bc4 Be6 12. Qe2 h6 13. Rfd1 Nbd7 14. Rd2 Nf8 15.
Rad1 a6 16. Bc5 N6d7 17. Bd6 Qb6 18. b4 a5 19. b5 Bxc4 20. Qxc4 Ne6 21. bxc6
Qxc6 22. Qxc6 bxc6 23. Rb1 Ra6 24. Bc7 Nxc7 25. Rxd7 Ne6 26. Rdb7 Nc5 27. Rb8
Ra8 28. Rxa8 Rxa8 29. Nd2 Rd8 30. Nc4 Rd4 31. Nxa5 Nxa4 32. Nxa4 Rxa4 1/2-1/2

[Event "19. Obert Int. Sant Marti 2017"]
[Site "Barcelona ESP"]
[Date "2017.07.19"]
[Round "7.54"]
[White "Meertens, Martin"]
[Black "Kyrkjebo, Marte B."]
[Result "1/2-1/2"]
[WhiteElo "2123"]
[BlackElo "1833"]
[PlyCount "69"]
[EventDate "2017.07.13"]
[EventType "swiss"]
[EventRounds "9"]
[EventCountry "ESP"]
[SourceTitle "Ajedrez en Madrid"]
[Source "lmi"]
[SourceDate "2017.07.13"]
[SourceVersion "1"]
[SourceVersionDate "2019.06.21"]
[SourceQuality "1"]

1. d4 Nf6 2. c4 e6 3. Nf3 b6 4. g3 Ba6 5. Qc2 Bb4+ 6. Nbd2 O-O 7. Bg2 c6 8. O-O
d5 9. b3 Nbd7 10. a3 Be7 11. Bb2 Bb7 12. Rfd1 Rc8 13. Rac1 c5 14. Qb1 Rc7 15.
dxc5 Bxc5 16. b4 Be7 17. cxd5 Bxd5 18. Ne1 Bxg2 19. Nxg2 Qb8 20. Ne3 Rfc8 21.
Rxc7 Rxc7 22. Ne4 Nxe4 23. Qxe4 Bf6 24. Bxf6 Nxf6 25. Qe5 Rc8 26. Qxb8 Rxb8 27.
Rc1 Ne8 28. Rd1 Nf6 29. Rc1 Ne8 30. f3 Kf8 31. Ng4 f6 32. Nf2 Ke7 33. Nd3 Rb7
34. Kf2 Rc7 35. Rxc7+ 1/2-1/2

[Event "19. Obert Int. Sant Marti 2017"]
[Site "Barcelona ESP"]
[Date "2017.07.19"]
[Round "7.55"]
[White "Anuj, Shrivatri"]
[Black "Boixader Arbo, Xavier"]
[Result "1-0"]
[WhiteElo "1920"]
[BlackElo "2099"]
[PlyCount "55"]
[EventDate "2017.07.13"]
[EventType "swiss"]
[EventRounds "9"]
[EventCountry "ESP"]
[SourceTitle "Ajedrez en Madrid"]
[Source "lmi"]
[SourceDate "2017.07.13"]
[SourceVersion "1"]
[SourceVersionDate "2019.06.21"]
[SourceQuality "1"]

1. d4 Nf6 2. c4 g6 3. Nc3 Bg7 4. e4 d6 5. Nf3 O-O 6. h3 e5 7. d5 Nh5 8. Nh2 Qe8
9. Be2 Nf4 10. Bf3 f5 11. g3 Nxh3 12. Bg2 Qf7 13. Qf3 f4 14. Bxh3 Bxh3 15. g4
Bxg4 16. Qxg4 Na6 17. Bd2 Nc5 18. Ke2 a5 19. Rag1 Rfd8 20. Nf3 Bf6 21. Ng5 Bxg5
22. Qxg5 c6 23. f3 b5 24. dxc6 Qxc4+ 25. Kd1 Nd3 26. Rxh7 Nxb2+ 27. Kc2 Qd3+
28. Kc1 1-0

[Event "19. Obert Int. Sant Marti 2017"]
[Site "Barcelona ESP"]
[Date "2017.07.19"]
[Round "7.56"]
[White "Lacasta Palacio, Joaquim"]
[Black "Krithigga, K."]
[Result "1-0"]
[WhiteElo "2092"]
[BlackElo "1848"]
[PlyCount "77"]
[EventDate "2017.07.13"]
[EventType "swiss"]
[EventRounds "9"]
[EventCountry "ESP"]
[SourceTitle "Ajedrez en Madrid"]
[Source "lmi"]
[SourceDate "2017.07.13"]
[SourceVersion "1"]
[SourceVersionDate "2019.06.21"]
[SourceQuality "1"]

1. d4 d5 2. Bf4 Nf6 3. e3 Bf5 4. c4 e6 5. Qb3 b6 6. Nc3 c6 7. Nf3 Bd6 8. Bxd6
Qxd6 9. cxd5 exd5 10. Nh4 Bg6 11. Nxg6 hxg6 12. g3 Nbd7 13. Bg2 O-O 14. O-O
Rfe8 15. Rac1 Rac8 16. Rc2 Ne4 17. Rfc1 Nxc3 18. Rxc3 Nf6 19. Qa4 c5 20. dxc5
bxc5 21. Qxa7 Nd7 22. Qb7 d4 23. exd4 Qxd4 24. Qd5 Qxd5 25. Bxd5 Re5 26. Bf3
Rb8 27. b3 Rb6 28. Rd1 Re7 29. Kg2 Ra6 30. Rd2 Ra5 31. a4 Ne5 32. Rd8+ Kh7 33.
Bd5 Nd7 34. f4 Nb6 35. g4 Re2+ 36. Kg1 g5 37. f5 g6 38. f6 Re1+ 39. Kf2 1-0